Statistics for Top 15 scorers in Golden State Warriors franchise history

Click here to take the quiz!

General Stats

  • This quiz has been taken 101 times
  • The average score is 7 of 15

Answer Stats

Years Points Player % Correct
2009-11,685Stephen Curry
100%
1959-196517,783Wilt Chamberlain
90%
1985-1997, 2000-200116,235Chris Mullin
78%
1966-197612,547Jeff Mullins
77%
1965-197816,447Rick Barry
67%
1989-19968,337Tim Hardaway
46%
2006-20128,087Monta Ellis
43%
1963-197413,191Nate Thurmond
41%
2001-20078,008Jason Richardson
33%
1950-196216,266Paul Arizin
30%
1992-19988,032Latrell Sprewell
17%
1951-195910,023Neil Johnston
11%
1980-19889,996Joe Barry Carroll
11%
1978-198711,894Purvis Short
8%
1946-19548,003Joe Fulks
7%

Score Distribution

Percentile by Number Answered

Percent of People with Each Score

Your Score History

You have not taken this quiz